Forma de aplicación de la tecnologia como recurso para la enseñanza de las Cinecias Sociales, Distrito Educativo 16-03 de Cevicos / Alicia Núñez Núñez, Sugeidy Cruz Herrera, Leticia Tineo Henrique ; asesor Jenniffer Karina Disla (Registro nro. 20039)

Detalles MARC
000 -LEADER
fixed length control field 01356nam a2200301Ia 4500
001 - CONTROL NUMBER
control field 21219
003 - CONTROL NUMBER IDENTIFIER
control field DO-CoUTE
005 - DATE AND TIME OF LATEST TRANSACTION
control field 20260204212528.0
008 - FIXED-LENGTH DATA ELEMENTS--GENERAL INFORMATION
fixed length control field 220102s9999 dr 000 0 spa d
040 ## - CATALOGING SOURCE
Original cataloging agency DO-CoUTE
Language of cataloging spa
Transcribing agency DO-CoUTE
041 0# - LANGUAGE CODE
Language code of text/sound track or separate title spa
090 ## - LOCALLY ASSIGNED LC-TYPE CALL NUMBER (OCLC); LOCAL CALL NUMBER (RLIN)
Classification number (OCLC) (R) ; Classification number, CALL (RLIN) (NR) M-CS 2021 N85
100 1# - MAIN ENTRY--PERSONAL NAME
Personal name Núñez Núñez, Alicia
Relator term sustentante
245 10 - TITLE STATEMENT
Title Forma de aplicación de la tecnologia como recurso para la enseñanza de las Cinecias Sociales, Distrito Educativo 16-03 de Cevicos / Alicia Núñez Núñez, Sugeidy Cruz Herrera, Leticia Tineo Henrique ; asesor Jenniffer Karina Disla
260 ## - PUBLICATION, DISTRIBUTION, ETC.
Place of publication, distribution, etc. Cotuí, República Dominicana :
Name of publisher, distributor, etc. UTECO,
Date of publication, distribution, etc. 2021
300 ## - PHYSICAL DESCRIPTION
Extent XXIX, 85 hojas
Accompanying material + 1 CD-ROM
501 ## - WITH NOTE
With note monográficos(Ciencias Sociales)--Universidad Tecnológica del Cibao Oriental, 2021.<br/>
650 #4 - SUBJECT ADDED ENTRY--TOPICAL TERM
Topical term or geographic name entry element tecnologia como recurso para la enseñanza
700 1# - ADDED ENTRY--PERSONAL NAME
Personal name Disla Pimentel, María Cristina
Relator term sustentante
700 1# - ADDED ENTRY--PERSONAL NAME
Personal name Hernández Rosario, Rosa Magaly
Relator term sustentante
700 1# - ADDED ENTRY--PERSONAL NAME
Personal name Lantigua Diaz, Emelin Cristina
Relator term sustentante
700 1# - ADDED ENTRY--PERSONAL NAME
Personal name Marte Santos, Aneiry Miguelina
Relator term sustentante
700 1# - ADDED ENTRY--PERSONAL NAME
Personal name Reyes Grullón, Yeraldin
Relator term sustentante
700 1# - ADDED ENTRY--PERSONAL NAME
Personal name Salcedo Núñez, Miosotti
Relator term sustentante
700 1# - ADDED ENTRY--PERSONAL NAME
Personal name Karina Disla, Jenniffer
830 0# - SERIES ADDED ENTRY--UNIFORM TITLE
Uniform title Tesis y disertaciones académicas (Universidad Tecnológica del Cibao Oriental)
942 ## - ADDED ENTRY ELEMENTS (KOHA)
Source of classification or shelving scheme Clasificación Local
Koha item type Tesis
Existencias
Withdrawn status Lost status Source of classification or shelving scheme Damaged status Not for loan Collection code Home library Current library Shelving location Date acquired Inventory number Total Checkouts Full call number Barcode Date last seen Copy number Price effective from Koha item type
    Clasificación Local   Préstamo Interno Trabajos de Grado e Investigación Biblioteca UTECO Biblioteca UTECO En Estantería 01/02/2021 PCS-2021-002   M-CS 2021 N85 PCS-2021-002 03/30/2022 Ej.1 01/02/2021 Tesis
© 2021 Derechos Reservados UTECO - Teléfono: +1 809-585-2291 - Correo electrónico: biblioteca@uteco.edu.do​  
Código postal 43000 ​​
Dirección: Avenida Universitaria No. 100, 
Cotuí, Provincia Sánchez Ramírez, República Dominicana - RNC: 404-00059-6